000 00651nam a2200265Ia 4500
005 20260121114435.0
008 008 260114s9999 xx 000 0 eng d
020 _a9789354246333
037 _aEBOOK
040 _aCRL
040 _beng
040 _cCRL
041 _2eng
041 _aeng
084 _qCRL
100 _aGrant
_9975099
245 0 _aContemporary Strategy Analysis, 10ed (An Indian Adaptation)
260 _bWiley
260 _c2021
650 _aStrategic Management
_9975100
856 _uhttps://ebooks.wileyindia.com/product-details/283569
942 _cEBOOK
999 _c1554164
_d1554164